[Event "Loebau-Zittau KSK op"]
[Site "Leutersdorf"]
[Date "2004.02.14"]
[Round "6"]
[White "Urdapilleta, Miguel"]
[Black "Herzog, Volker"]
[Result "1-0"]
[WhiteElo "1229"]
[BlackElo "1658"]
[PlyCount "81"]
[EventDate "2004.02.13"]
[EventType "swiss"]
[EventRounds "7"]
[EventCountry "GER"]
[SourceTitle "CBM 098 Extra"]
[Source "ChessBase"]
[SourceDate "2004.03.10"]
[SourceVersion "2"]
[SourceVersionDate "2004.03.10"]
[SourceQuality "1"]

1. b4 e5 2. Bb2 d6 3. e3 Nf6 4. Nf3 Bg4 5. c4 Nbd7 6. Be2 Be7 7. Nc3 c6 8. d4 e4 9. Ng5 Bxe2 10. Qxe2 d5 11. cxd5 cxd5 12. a3 0-0 13. h4 Nb6 14. Nh3 Nc4 15. Nf4 Rc8 16. g4 Qd7 17. g5 Nxb2 18. Qxb2 Ne8 19. Nfxd5 Nd6 20. Nxe7+ Qxe7 21. Ne2 Rc4 22. Rc1 Rfc8 23. Rxc4 Rxc4 24. Kd2 Rc6 25. Qb3 Nc4+ 26. Ke1 b5 27. Nc3 a6 28. a4 Qb7 29. axb5 axb5 30. Nxe4 Nd6 31. Nc5 Rxc5 32. bxc5 Qxh1+ 33. Ke2 Ne4 34. c6 Qxh4 35. c7 Nd6 36. Qd5 Qg4+ 37. Kd2 Qd7 38. c8R+ Qxc8 39. Qxd6 g6 40. Qc5 Qa6 41. d5 1-0